Die am meisten erratenen Hauptstädte auf JetPunk - Statistiken

Allgemein
  • Dieses Quiz wurde 867 mal gespielt
  • Das Durchschnittsergebnis liegt bei 17 aus 21
Antwortstatistiken
% Land Hauptstadt % Korrekt
96% Deutschland Berlin
99%
95% Frankreich Paris
96%
94% Italien Rom
94%
92% Vereinigtes Königreich London
92%
92% Österreich Wien
92%
91% Spanien Madrid
91%
91% Russland Moskau
91%
91% Norwegen Oslo
89%
91% Schweiz Bern
87%
88% Schweden Stockholm
87%
89% Polen Warschau
85%
91% Niederlande Amsterdam
84%
89% Portugal Lissabon
83%
87% Tschechien Prag
83%
92% Belgien Brüssel
81%
90% Danemark Kopenhagen
80%
89% Finnland Helsinki
79%
91% Griechenland Athen
75%
90% Irland Dublin
73%
90% Luxemburg Luxemburg
59%
87% Monaco Monaco
33%
Keine übereinstimmenden Quizze gefunden
Verteilung der Resultate
Anzahl Personen mit jedem Resultat
Perzentil nach korrekt beantworteten Fragen
Ihre Resultats-Entwicklung
Sie haben dieses Quiz noch nicht gespielt